Visualizzazione normale
Vista MARC
- DOCUMENTAIO
di Topical Term
Records bibliografici associati: 1
001 - CONTROL NUMBER
- control field: 51565
003 - CONTROL NUMBER IDENTIFIER
- control field: IT-RoPau
005 - DATE AND TIME OF LATEST TRANSACTION
- control field: 20151202173436.0
008 - FIXED-LENGTH DATA ELEMENTS
- fixed length control field: 151202|| aca||aabn | a|a d
040 ## - CATALOGING SOURCE
- Original cataloging agency: IT-RoPau
- Transcribing agency: IT-RoPau
150 ## - HEADING--TOPICAL TERM
- Topical term or geographic name entry element: DOCUMENTAIO
- : DVD-VARI [DVD]
- General subdivision: Codice MATERIA SPICS: 9946
670 ## - SOURCE DATA FOUND
- Source citation: Work cat.: (IT-RoPau)107310: Moraca Stefano Codice regista SPICS: 59520 51563, CHI E' IL MIO PROSSIMO? CHI E' IL MIO PROSSIMO? (Rif. Codice opera principale : H8857)